| 000 | 00594nam a2200193Ia 4500 | ||
|---|---|---|---|
| 003 | GCL | ||
| 008 | 140319s9999 xx 000 0 ara d | ||
| 040 |
_aGCL / _cGCL |
||
| 082 | 0 | 4 |
_a953 _bم س |
| 100 | 1 | _aمحمود اسماعيل | |
| 245 | 1 | 0 |
_aسوسيولوجيا الفكر الاسلامى محاولة تنظير / _cمحمود اسماعيل |
| 300 | _a582 ص | ||
| 490 | _a | ||
| 650 | 0 | 4 | _aالفلسفة الاسلامية |
| 650 | 0 | 4 | _aالتاريخ الاسلامى |
| 650 | 0 | 4 | _aالحضارة الاسلامية |
| 650 | 0 | 4 | _aالاجتماع، علم |
| 942 |
_2ddc _cBK |
||
| 999 |
_c37540 _d37540 |
||